[Event "CAN-op"]
[Site "Edmonton CAN"]
[Date "2009.07.16"]
[Round "6.79"]
[White "Quiring, John"]
[Black "Plotkin, Mark"]
[Result "0-1"]
[WhiteElo "1846"]
[BlackElo "1562"]
[PlyCount "78"]
[EventDate "2009.07.11"]
[EventType "swiss"]
[EventRounds "9"]
[EventCountry "CAN"]

1. e4 e5 2. f4 Nf6 3. Bc4 Nxe4 4. Nf3 d5 5. Bb3 exf4 6. d3 Nc5 7. Bxf4 Nxb3 8.
axb3 Bd6 9. Qd2 O-O 10. O-O Nc6 11. Nc3 Bf5 12. Nxd5 Bc5+ 13. Ne3 Re8 14. Kh1
Bxe3 15. Bxe3 Bg6 16. Ra4 Ne5 17. Nh4 Qd7 18. Nxg6 Nxg6 19. Qf2 a6 20. Qg3 b5
21. Rd4 Qe6 22. Re4 Qc6 23. Qf3 Rxe4 24. Qxf7+ Kh8 25. dxe4 Qxe4 26. Bd2 Qxc2
27. Bc3 Rg8 28. h3 c5 29. Re1 h6 30. Re8 Qd1+ 31. Re1 Qc2 32. Kh2 Nh4 33. Qd5
Qg6 34. Re6 Qh7 35. Qh5 Nf5 36. g4 Nd4 37. Rg6 Rd8 38. Kg2 Re8 39. Rxh6 Re2+
0-1

[Event "CAN-op"]
[Site "Edmonton CAN"]
[Date "2009.07.18"]
[Round "8.75"]
[White "Plotkin, Mark"]
[Black "Seehagen, Terry"]
[Result "1/2-1/2"]
[WhiteElo "1562"]
[BlackElo "1756"]
[PlyCount "88"]
[EventDate "2009.07.11"]
[EventType "swiss"]
[EventRounds "9"]
[EventCountry "CAN"]

1. e4 d5 2. exd5 Nf6 3. Nf3 c6 4. dxc6 Nxc6 5. Bb5 Qc7 6. d4 Bg4 7. Be3 e6 8.
c4 Bb4+ 9. Nc3 O-O 10. O-O Bxc3 11. bxc3 Rfd8 12. h3 Bh5 13. Bg5 Ne5 14. Bf4
Nxf3+ 15. Qxf3 Qa5 16. g4 Bg6 17. Bg5 a6 18. Bxf6 gxf6 19. Qxf6 Qxc3 20. Ba4
Qxh3 21. f3 h5 22. gxh5 Bxh5 23. Rf2 Bg6 24. Rg2 Qh8 25. Qxh8+ Kxh8 26. Rd1 b6
27. Kf2 Rac8 28. Bb3 a5 29. a4 Kg7 30. Ke3 Kf6 31. Kf4 Bh5 32. Ke4 Bg6+ 33. Ke3
Ke7 34. Rdd2 Kf6 35. Ba2 Rc6 36. Rb2 Rcd6 37. Rgd2 Ke7 38. Bb1 Bxb1 39. Rxb1
Kf6 40. Rb5 Ke7 41. c5 bxc5 42. Rxc5 Rd5 43. Rc7+ R8d7 44. Rxd7+ Kxd7 1/2-1/2

[Event "CAN-op"]
[Site "Edmonton CAN"]
[Date "2009.07.19"]
[Round "9"]
[White "Armstrong, Robert J"]
[Black "Plotkin, Mark"]
[Result "1-0"]
[WhiteElo "1831"]
[BlackElo "1536"]
[PlyCount "49"]
[EventDate "2009.07.11"]
[EventType "swiss"]
[EventRounds "9"]
[EventCountry "CAN"]

1. d4 d5 2. c4 c6 3. e3 Bf5 4. Nf3 e6 5. Bd3 Bxd3 6. Qxd3 Nf6 7. O-O Nbd7 8.
Nc3 Be7 9. b3 O-O 10. Bb2 c5 11. Rad1 Rc8 12. e4 h6 13. e5 Nh7 14. Ne2 Ng5 15.
Nxg5 Bxg5 16. f4 Be7 17. f5 Qe8 18. Bc1 Kh8 19. Qh3 Kh7 20. f6 Nxf6 21. exf6
Bxf6 22. Rxf6 gxf6 23. Qxh6+ Kg8 24. Rd3 cxd4 25. Rg3# 1-0

[Event "CYCC U10"]
[Site "Ottawa CAN"]
[Date "2007.07.03"]
[Round "1"]
[White "Plotkin, Mark"]
[Black "Dunne, Francesco"]
[Result "0-1"]
[WhiteElo "1331"]
[BlackElo "954"]
[PlyCount "100"]
[EventDate "2007.07.03"]
[EventType "swiss"]
[EventRounds "7"]
[EventCountry "CAN"]

1. e4 e5 2. Nf3 Nc6 3. Bc4 Bc5 4. O-O Nf6 5. d3 d6 6. h3 O-O 7. Bg5 Be6 8. Bb3
Bxb3 9. axb3 Qe7 10. Nc3 Nb4 11. Nd5 Nbxd5 12. exd5 h6 13. Bxf6 Qxf6 14. c3
Rae8 15. d4 exd4 16. cxd4 Bb6 17. Qd3 Qg6 18. Qxg6 fxg6 19. Rfe1 Rxe1+ 20. Rxe1
Ba5 21. Ra1 Bb6 22. b4 Rf5 23. Re1 Kf7 24. Re4 Rxd5 25. Nh4 Rxd4 26. Rxd4 Bxd4
27. b3 Bc3 28. b5 c6 29. bxc6 bxc6 30. Nf3 c5 31. Kf1 Ke6 32. Ke2 d5 33. Kd3
Bb4 34. Nh4 g5 35. Nf3 a5 36. Ng1 Be1 37. f3 a4 38. bxa4 c4+ 39. Kc2 d4 40. Kd1
Bb4 41. Ne2 d3 42. Nd4+ Kd5 43. Nf5 c3 44. Ne3+ Kd4 45. Nf5+ Kc4 46. Ne3+ Kb3
47. a5 c2+ 48. Nxc2 dxc2+ 49. Kc1 Kc3 50. a6 Ba3# 0-1

[Event "CYCC U10"]
[Site "Ottawa CAN"]
[Date "2007.07.03"]
[Round "2"]
[White "Plotkin, Mark"]
[Black "Mongenais, Jacob"]
[Result "0-1"]
[WhiteElo "1331"]
[BlackElo "1487"]
[PlyCount "60"]
[EventDate "2007.07.03"]
[EventType "swiss"]
[EventRounds "7"]
[EventCountry "CAN"]

1. e4 e5 2. Nf3 Nf6 3. Nxe5 d6 4. Nf3 Nxe4 5. d3 Nf6 6. Nc3 Be7 7. d4 O-O 8.
Bf4 Bd7 9. d5 c6 10. Bc4 b5 11. Bb3 b4 12. Ne2 a5 13. a4 Qb6 14. dxc6 Qxc6 15.
Qd2 Be6 16. Ned4 Qd7 17. O-O Bxb3 18. Nxb3 Ne4 19. Qd5 Qc6 20. Qxc6 Nxc6 21.
Nfd4 Nxd4 22. Nxd4 Bf6 23. Rfe1 Bxd4 24. Rxe4 Bxb2 25. Rd1 Rfe8 26. Rde1 Rxe4
27. Rxe4 g6 28. Bxd6 Rd8 29. Bf4 Rd1+ 30. Re1 Rxe1# 0-1

[Event "CYCC U10"]
[Site "Ottawa CAN"]
[Date "2007.07.04"]
[Round "3"]
[White "Plotkin, Mark"]
[Black "Swift, Ryne"]
[Result "1/2-1/2"]
[WhiteElo "1331"]
[BlackElo "1041"]
[PlyCount "71"]
[EventDate "2007.07.03"]
[EventType "swiss"]
[EventRounds "7"]
[EventCountry "CAN"]

1. e4 e5 2. Nf3 Nc6 3. Be2 Nf6 4. d3 Be7 5. O-O O-O 6. Bg5 d6 7. c3 h6 8. Bh4
Bd7 9. Qc2 Qc8 10. d4 exd4 11. cxd4 Re8 12. d5 Ne5 13. Nxe5 dxe5 14. Rc1 c6 15.
dxc6 Qxc6 16. Qxc6 Bxc6 17. Bxf6 Bxf6 18. Nc3 Rac8 19. h3 Be7 20. Bg4 Rcd8 21.
Rd1 Rxd1+ 22. Rxd1 Rd8 23. Nd5 Kf8 24. Kf1 g6 25. Bf3 Bb5+ 26. Be2 Bc6 27. f3
Bc5 28. Nc3 Rxd1+ 29. Bxd1 Bd4 30. Ke2 b5 31. a3 a5 32. Bb3 b4 33. axb4 axb4
34. Nd1 Bb5+ 35. Kd2 Bf1 36. Ne3 1/2-1/2

[Event "CYCC U10"]
[Site "Ottawa CAN"]
[Date "2007.07.04"]
[Round "4"]
[White "Tremblay, Kevin"]
[Black "Plotkin, Mark"]
[Result "0-1"]
[WhiteElo "1293"]
[BlackElo "1331"]
[PlyCount "102"]
[EventDate "2007.07.03"]
[EventType "swiss"]
[EventRounds "7"]
[EventCountry "CAN"]

1. e4 e5 2. Nf3 Nf6 3. Nxe5 d6 4. Nf3 Nxe4 5. Qe2 Qe7 6. Nc3 Nf6 7. d3 Bf5 8.
Qxe7+ Bxe7 9. Bf4 O-O 10. Be2 Nc6 11. O-O Rfe8 12. a4 Nh5 13. h3 Nxf4 14. Rfe1
Ng6 15. Nd5 Rac8 16. b4 Be6 17. Nxe7+ Ngxe7 18. Rab1 Ne5 19. Nxe5 dxe5 20. Bf3
Nc6 21. b5 Nd4 22. Bxb7 Rb8 23. Be4 Nxc2 24. Rec1 Nd4 25. Rxc7 a6 26. Bc6 Rec8
27. Re7 Nxc6 28. bxc6 Rxb1+ 29. Kh2 Rc1 30. c7 R1xc7 31. Rxe6 fxe6 32. g3 Kf7
33. f4 Kf6 34. fxe5+ Kxe5 35. a5 Kd4 36. g4 e5 37. h4 e4 38. dxe4 Kxe4 39. Kg3
Rc5 40. h5 Rxa5 41. Kh4 g6 42. h6 Kf3 43. g5 Rf5 44. Kh3 Rc1 45. Kh2 a5 46. Kh3
a4 47. Kh4 a3 48. Kh3 a2 49. Kh2 a1=Q 50. Kh3 Rxg5 51. Kh4 Rh5# 0-1

[Event "CYCC U10"]
[Site "Ottawa CAN"]
[Date "2007.07.06"]
[Round "5"]
[White "Plotkin, Mark"]
[Black "Liu, Steven"]
[Result "0-1"]
[WhiteElo "1331"]
[BlackElo "1561"]
[PlyCount "58"]
[EventDate "2007.07.03"]
[EventType "swiss"]
[EventRounds "7"]
[EventCountry "CAN"]

1. e4 c6 2. d4 d5 3. e5 Bf5 4. Bd3 Bxd3 5. cxd3 e6 6. Nf3 c5 7. Nc3 Nc6 8. dxc5
Bxc5 9. Bd2 Nge7 10. O-O h6 11. h3 O-O 12. Qc2 a6 13. Ne2 Ba7 14. d4 Rc8 15.
Qd3 Nf5 16. Be3 Qb6 17. b3 Nb4 18. Qd1 Nc2 19. Rc1 Ncxe3 20. Qd2 Nxf1 21. Rxf1
Qd8 22. Rd1 Nh4 23. Nxh4 Qxh4 24. Qd3 Qe4 25. Qxe4 dxe4 26. Ng3 Rfd8 27. Nxe4
Bxd4 28. Nd6 Bxe5 29. Nxc8 Rxd1# 0-1

[Event "CYCC U10"]
[Site "Ottawa CAN"]
[Date "2007.07.05"]
[Round "6"]
[White "Yang, Bryant"]
[Black "Plotkin, Mark"]
[Result "1/2-1/2"]
[WhiteElo "1008"]
[BlackElo "1331"]
[PlyCount "90"]
[EventDate "2007.07.03"]
[EventType "swiss"]
[EventRounds "7"]
[EventCountry "CAN"]

1. e4 e5 2. Nf3 Nf6 3. Nxe5 Bc5 4. Nc3 Qe7 5. d4 Bb6 6. Qd3 O-O 7. Be2 Re8 8.
Bf3 d6 9. Nc4 Bf5 10. Nxb6 axb6 11. O-O Bxe4 12. Nxe4 Nxe4 13. Bxe4 Qxe4 14.
Qxe4 Rxe4 15. Be3 Nc6 16. c3 Rae8 17. Rfe1 f5 18. Bd2 Kf7 19. f3 Re2 20. Rxe2
Rxe2 21. Rd1 Na5 22. Kf1 Re6 23. Re1 Nc4 24. Bc1 Rf6 25. b3 Na5 26. Bg5 Re6 27.
Rxe6 Kxe6 28. Ke2 Nc6 29. Kd3 h6 30. Be3 g5 31. f4 g4 32. Bf2 d5 33. h3 h5 34.
hxg4 hxg4 35. c4 Na7 36. Bh4 c6 37. g3 Nc8 38. cxd5+ cxd5 39. Kc3 Nd6 40. Kb4
b5 41. a4 bxa4 42. Kxa4 Kd7 43. Kb4 Kc7 44. Be7 Ne4 45. Bh4 Kc6 1/2-1/2

[Event "CYCC U10"]
[Site "Ottawa CAN"]
[Date "2007.07.06"]
[Round "7"]
[White "Desbiens, Jonathan"]
[Black "Plotkin, Mark"]
[Result "0-1"]
[WhiteElo "1074"]
[BlackElo "1331"]
[PlyCount "90"]
[EventDate "2007.07.03"]
[EventType "swiss"]
[EventRounds "7"]
[EventCountry "CAN"]

1. e4 e5 2. Nf3 Nf6 3. Nxe5 d6 4. Nf3 Nxe4 5. d3 Nf6 6. Nc3 Be7 7. Bg5 O-O 8.
d4 Bf5 9. Bd3 Bg4 10. h3 Bh5 11. O-O Nc6 12. Qe2 Nxd4 13. Qe3 Nxf3+ 14. gxf3
Re8 15. Ne4 Nd5 16. Qd2 Bxg5 17. Nxg5 h6 18. c4 hxg5 19. cxd5 Bxf3 20. Rfe1
Rxe1+ 21. Rxe1 Bxd5 22. Qe3 Bxa2 23. Qe4 g6 24. Kh2 Qf6 25. Qxb7 Qxf2+ 26. Qg2
Qxg2+ 27. Kxg2 Rb8 28. Re2 Bd5+ 29. Kf2 Rb3 30. Ba6 Rf3+ 31. Ke1 Rxh3 32. Re8+
Kg7 33. Bc8 Rb3 34. Re2 Bb7 35. Bd7 Ba6 36. Rd2 Re3+ 37. Kd1 Rd3 38. Rxd3 Bxd3
39. b4 f5 40. Kd2 Be4 41. Ke3 c6 42. b5 cxb5 43. Bxb5 d5 44. Ba6 g4 45. Be2 g3
0-1

[Event "CAN-ch"]
[Site "Toronto CAN"]
[Date "2024.03.27"]
[Round "1.10"]
[White "Li, William"]
[Black "Plotkin, Mark"]
[Result "0-1"]
[WhiteElo "2103"]
[BlackElo "2344"]
[PlyCount "68"]
[EventDate "2024.03.27"]
[EventType "swiss"]
[EventRounds "10"]
[EventCountry "CAN"]

1. d4 g6 2. c4 Bg7 3. e4 d6 4. Nc3 Nf6 5. f3 c6 6. Be3 a6 7. Nge2 b5 8. cxb5
axb5 9. a3 Nbd7 10. Ng3 h5 11. Be2 h4 12. Nf1 e5 13. d5 cxd5 14. Nxd5 O-O 15.
Bxb5 Rb8 16. a4 Nxd5 17. Qxd5 Nf6 18. Qd3 d5 19. Nd2 h3 20. O-O hxg2 21. Rfd1
Be6 22. Bg5 Qb6+ 23. Qe3 d4 24. Qd3 Nh5 25. Nc4 Qa7 26. Rac1 f5 27. Nd6 fxe4
28. Qxe4 Nf4 29. h4 Bd5 30. Bc4 d3+ 31. Kh2 g1=Q+ 32. Rxg1 Rxb2+ 33. Kh1 Qf2
34. Bxf4 Qxh4+ 0-1

[Event "CAN-ch"]
[Site "Toronto CAN"]
[Date "2024.03.28"]
[Round "3.11"]
[White "Nicula, Marius"]
[Black "Plotkin, Mark"]
[Result "0-1"]
[WhiteElo "2173"]
[BlackElo "2344"]
[PlyCount "54"]
[EventDate "2024.03.27"]
[EventType "swiss"]
[EventRounds "10"]
[EventCountry "CAN"]

1. d4 g6 2. Nf3 Bg7 3. g3 Nf6 4. Bg2 O-O 5. O-O d6 6. b3 a5 7. c4 Nc6 8. Bb2 a4
9. Qc1 e5 10. dxe5 dxe5 11. Rd1 Qe7 12. Ba3 Nb4 13. Nc3 axb3 14. axb3 c5 15.
Ne1 e4 16. Bb2 Rxa1 17. Qxa1 e3 18. f4 Rd8 19. Rxd8+ Qxd8 20. Nd5 Nfxd5 21.
cxd5 Bf5 22. Qc1 b6 23. Nc2 Nxd5 24. Bxd5 Qxd5 25. Bxg7 Qd2 26. Qa1 Qxe2 27.
Qa8+ Kxg7 0-1

[Event "CAN-ch"]
[Site "Toronto CAN"]
[Date "2024.03.29"]
[Round "4.7"]
[White "Plotkin, Mark"]
[Black "Doknjas, John"]
[Result "1-0"]
[WhiteElo "2344"]
[BlackElo "2190"]
[PlyCount "24"]
[EventDate "2024.03.27"]
[EventType "swiss"]
[EventRounds "10"]
[EventCountry "CAN"]

1. e4 e5 2. Nf3 Nc6 3. Nc3 Nf6 4. g3 Bb4 5. Bg2 O-O 6. O-O Re8 7. d3 d5 8. Nxd5
Nxd5 9. exd5 Qd7 10. d6 Qxd6 11. Ng5 Ba5 12. c3 Bb6 1-0

[Event "CAN-ch"]
[Site "Toronto CAN"]
[Date "2024.03.30"]
[Round "5.4"]
[White "Dukic, Zachary"]
[Black "Plotkin, Mark"]
[Result "0-1"]
[WhiteElo "2266"]
[BlackElo "2344"]
[PlyCount "48"]
[EventDate "2024.03.27"]
[EventType "swiss"]
[EventRounds "10"]
[EventCountry "CAN"]

1. e4 g6 2. d4 Bg7 3. Nc3 d6 4. Be3 a6 5. h4 h5 6. Qd2 b5 7. O-O-O Bb7 8. f3
Nd7 9. Nh3 e6 10. Ng5 Qe7 11. d5 Ngf6 12. dxe6 fxe6 13. g3 Ne5 14. Qf2 O-O 15.
Bh3 Kh8 16. Nxe6 b4 17. Nxf8 Rxf8 18. Nd5 Bxd5 19. exd5 Ne4 20. Qg2 Nxf3 21.
Rd3 Qe5 22. Rb3 Nc3 23. Qf2 Nd4 24. Qd2 Nde2+ 0-1

[Event "CAN-ch"]
[Site "Toronto CAN"]
[Date "2024.03.31"]
[Round "7.4"]
[White "Stevens, Christian"]
[Black "Plotkin, Mark"]
[Result "1/2-1/2"]
[WhiteElo "2260"]
[BlackElo "2344"]
[PlyCount "83"]
[EventDate "2024.03.27"]
[EventType "swiss"]
[EventRounds "10"]
[EventCountry "CAN"]

1. b3 g6 2. Bb2 Nf6 3. g3 Bg7 4. Bg2 O-O 5. c4 d6 6. e3 Nc6 7. d3 e5 8. Nc3 Bg4
9. Qd2 Qd7 10. h3 Be6 11. Nd5 Rad8 12. Ne2 Ne7 13. Nxf6+ Bxf6 14. Nf4 d5 15.
cxd5 Nxd5 16. Nxe6 Qxe6 17. O-O c5 18. a3 e4 19. Bxe4 Bxb2 20. Qxb2 Qxh3 21.
Bg2 Qh5 22. Rfc1 Nc7 23. d4 Ne6 24. d5 Rxd5 25. Bxd5 Qxd5 26. Rd1 Qe4 27. Qf6
h6 28. Qh4 Qf5 29. Qh1 Ng5 30. Qd5 Qg4 31. Rac1 Re8 32. Rc4 Qe2 33. Kg2 Rxe3
34. Rd2 Qf3+ 35. Qxf3 Rxf3 36. b4 Rxa3 37. bxc5 Ne6 38. Rb2 Ra5 39. Rxb7 Rxc5
40. Rxc5 Nxc5 41. Rxa7 Kg7 42. Rc7 1/2-1/2

[Event "CAN-ch"]
[Site "Toronto CAN"]
[Date "2024.04.01"]
[Round "8.4"]
[White "Plotkin, Mark"]
[Black "Sai Krishna, GV."]
[Result "0-1"]
[WhiteElo "2344"]
[BlackElo "2404"]
[PlyCount "100"]
[EventDate "2024.03.27"]
[EventType "swiss"]
[EventRounds "10"]
[EventCountry "CAN"]

1. e4 e5 2. Nf3 Nc6 3. Nc3 Nf6 4. g3 d5 5. exd5 Nxd5 6. Bg2 Nxc3 7. bxc3 Bc5 8.
O-O O-O 9. Re1 Qf6 10. d3 Bg4 11. h3 Bh5 12. Be3 Bb6 13. g4 Bg6 14. Nd2 Qh4 15.
Nf3 Qf6 16. Nd2 Qh4 17. Qf3 f5 18. gxf5 Rxf5 19. Qg3 Qa4 20. Nc4 Raf8 21. Re2
Bh5 22. Rd2 Ba5 23. Nxa5 Qxa5 24. Rb1 Qxc3 25. Rxb7 Nd4 26. Rxa7 Nf3+ 27. Bxf3
Bxf3 28. Kh2 R8f6 29. Ra4 Qa1 30. Qg1 Qxg1+ 31. Kxg1 Rg6+ 32. Kf1 Rh5 33. h4
Rg2 34. Re2 Rh2 35. Ke1 R5xh4 36. Ra7 Rh1+ 37. Kd2 Bxe2 38. Kxe2 Ra1 39. c4 e4
40. d4 Rhh1 41. d5 h5 42. c5 h4 43. d6 cxd6 44. c6 h3 45. c7 Rae1+ 46. Kd2 Rc1
47. Bf4 Kh7 48. a4 Rc6 49. a5 h2 50. a6 Rd1+ 0-1

[Event "CAN-ch"]
[Site "Toronto CAN"]
[Date "2024.04.01"]
[Round "9.7"]
[White "Noritsyn, Sergey"]
[Black "Plotkin, Mark"]
[Result "1/2-1/2"]
[WhiteElo "2191"]
[BlackElo "2344"]
[PlyCount "93"]
[EventDate "2024.03.27"]
[EventType "swiss"]
[EventRounds "10"]
[EventCountry "CAN"]

1. e4 g6 2. d4 Bg7 3. Nf3 d6 4. Bc4 a6 5. O-O e6 6. Qe2 Ne7 7. e5 Nd7 8. Bf4 b5
9. Bb3 dxe5 10. dxe5 Bb7 11. Nbd2 O-O 12. Rad1 c5 13. c4 Qc7 14. Ne4 Bxe4 15.
Qxe4 Nb6 16. Bc2 Nxc4 17. b3 Nb6 18. Bg5 Ned5 19. Rde1 Nd7 20. h4 Nc3 21. Qf4
Nd5 22. Qe4 Rae8 23. h5 f5 24. exf6 N7xf6 25. Bxf6 Nxf6 26. Qe5 Qxe5 27. Rxe5
Nd5 28. Rg5 Bh6 29. Re5 Bf4 30. Ree1 gxh5 31. g3 Bh6 32. Kg2 Rf6 33. Rh1 Nc3
34. Rxh5 Ref8 35. Kh3 Nxa2 36. Nh2 Rxf2 37. Rxe6 Rxc2 38. Rexh6 Rff2 39. Ng4
Rf1 40. Nh2 Rh1 41. Kg4 Nc1 42. Rf6 Kg7 43. Rhf5 Rcxh2 44. Rf7+ Kg8 45. Rf8+
Kg7 46. R8f7+ Kg8 47. Rf8+ 1/2-1/2

[Event "CAN-ch"]
[Site "Toronto CAN"]
[Date "2024.04.02"]
[Round "10.7"]
[White "Plotkin, Mark"]
[Black "Saha, Ananda"]
[Result "1/2-1/2"]
[WhiteElo "2344"]
[BlackElo "2022"]
[PlyCount "134"]
[EventDate "2024.03.27"]
[EventType "swiss"]
[EventRounds "10"]
[EventCountry "CAN"]

1. d4 e6 2. Nf3 Nf6 3. Bf4 d5 4. e3 Bd6 5. Bd3 O-O 6. Nbd2 b6 7. Qe2 Bb7 8. h4
Bxf4 9. exf4 c5 10. c3 a5 11. g4 Ba6 12. Ne5 Nfd7 13. Ndf3 Bxd3 14. Qxd3 Nxe5
15. dxe5 f6 16. O-O-O Nc6 17. Rhe1 c4 18. Qe3 f5 19. Rg1 b5 20. gxf5 Rxf5 21.
Rg4 h6 22. Rdg1 Rf7 23. Rg6 Ne7 24. Rxe6 Nf5 25. Qb6 b4 26. Qxd8+ Rxd8 27. Rb6
bxc3 28. bxc3 d4 29. e6 Re7 30. Nxd4 Nxd4 31. cxd4 Rxd4 32. f5 Rf4 33. Rb8+ Kh7
34. Rf8 Rxf2 35. Re1 c3 36. Re3 c2 37. Rc8 Rxf5 38. Kxc2 Rf6 39. Rc6 Rf4 40.
Rc5 Rxh4 41. Rxa5 Rc4+ 42. Kd3 Rc6 43. Rae5 Ra6 44. Re2 g5 45. Kc4 Kg6 46. Kb5
Ra3 47. Kb4 Rd3 48. a4 g4 49. a5 Rd8 50. a6 h5 51. Kc5 g3 52. R5e4 Kf6 53. Rf4+
Kg6 54. Re3 Kh6 55. Rf6+ Kg7 56. Rf1 Kh6 57. Rh1 Rg8 58. Kd6 g2 59. Rg1 Ra7 60.
Ra3 h4 61. Ra2 h3 62. Ra3 Rxa6+ 63. Rxa6 h2 64. Raa1 Rd8+ 65. Kc7 hxg1=Q 66.
Rb1 Qf1 67. Rxf1 Rd7+ 1/2-1/2

[Event "Hart House Reading Week Crown"]
[Site "Toronto CAN"]
[Date "2024.02.19"]
[Round "5.1"]
[White "Plotkin, Mark"]
[Black "Noritsyn, Nikolay"]
[Result "1/2-1/2"]
[WhiteElo "2334"]
[BlackElo "2448"]
[PlyCount "48"]
[EventDate "2024.02.17"]
[EventType "swiss"]
[EventRounds "6"]
[EventCountry "CAN"]

1. e4 e6 2. d4 d5 3. Nc3 Nf6 4. e5 Nfd7 5. f4 c5 6. Nf3 Nc6 7. Be3 a6 8. a3
cxd4 9. Nxd4 Bc5 10. Qd2 O-O 11. g3 Rb8 12. Nce2 Qe7 13. b4 Bb6 14. Bg2 f6 15.
exf6 Nxf6 16. O-O Ng4 17. Nxc6 bxc6 18. Bxb6 Rxb6 19. Nc3 a5 20. Na4 Rb5 21.
Nc5 Rxc5 22. bxc5 Qxc5+ 23. Kh1 e5 24. c4 Ne3 1/2-1/2

[Event "Hart House Reading Week Crown"]
[Site "Toronto CAN"]
[Date "2024.03.24"]
[Round "6.2"]
[White "Plotkin, Mark"]
[Black "Plotkin, Victor"]
[Result "1/2-1/2"]
[WhiteElo "2334"]
[BlackElo "2254"]
[PlyCount "109"]
[EventDate "2024.02.17"]
[EventType "swiss"]
[EventRounds "6"]
[EventCountry "CAN"]

1. e4 e5 2. Nf3 Nc6 3. Bb5 a6 4. Ba4 Nf6 5. O-O Be7 6. Re1 b5 7. Bb3 O-O 8. d3
d6 9. c3 Na5 10. Bc2 c5 11. Nbd2 Nc6 12. Nf1 Re8 13. h3 Bf8 14. g4 g6 15. Ng3
Bg7 16. Be3 Qc7 17. Qd2 Nd8 18. Rad1 Ne6 19. d4 Bb7 20. d5 Nf8 21. Kg2 c4 22.
Rh1 N6d7 23. Rdg1 Nc5 24. Kf1 a5 25. Bh6 Bh8 26. h4 b4 27. h5 b3 28. axb3 cxb3
29. Bb1 Ra7 30. Nf5 f6 31. Bxf8 gxf5 32. Qh6 Ba6+ 33. Ke1 Rxf8 34. g5 Kf7 35.
exf5 Ke8 36. g6 Bd3 37. Kd2 Bxb1 38. Rxb1 Bg7 39. Qe3 h6 40. Nd4 Qb7 41. Nc6
Ra6 42. Ra1 a4 43. Rh4 Kd7 44. Rb4 Qc7 45. Qe2 Rxc6 46. Qb5 Ra8 47. Raxa4 Rxa4
48. Rxa4 Nxa4 49. Qxa4 Qb6 50. dxc6+ Kc7 51. Ke1 Qxc6 52. Qxb3 Qe4+ 53. Kd2
Qf4+ 54. Ke2 Qe4+ 55. Kd2 1/2-1/2